Normal view
MARC view
Entry Personal Name
001 - CONTROL NUMBER
- control field: 174
003 - CONTROL NUMBER IDENTIFIER
- control field: PK-NaQUE
005 - DATE AND TIME OF LATEST TRANSACTION
- control field: 20260601084417.0
008 - FIXED-LENGTH DATA ELEMENTS
- fixed length control field: 260601|| aca||aabn | a|a d
040 ## - CATALOGING SOURCE
- Original cataloging agency: PK-NaQUE
- Transcribing agency: PK-NaQUE
100 ## - HEADING--PERSONAL NAME
- Personal name: Mukherjee, P. K
670 ## - SOURCE DATA FOUND
- Source citation: Work cat.: (PK-NaQUE)9566: Mukherjee, P. K. , Electrical Machines /, 1996.